000 00560nam a22001817a 4500
005 20240926115501.0
008 240920b |||||||| |||| 00| 0 eng d
020 _a978-93-5480-319-2
041 _aeng
082 _a362.1
100 _aGAUTAM, DR. HEMENDRA & TIWARI, DR. SHASHANK AND KUMAR DR. BIPIN AND ANSARI, SALALUDDIN
_98574
245 _aHOSPITAL AND CLINICAL PHARMACY [ D.PHARMA. 2ND YEAR]
250 _a1ST RE-PRINT ED. 2024
260 _aLUCKNOW
_bTHAKUR PUBLICATION PVT.LTD
300 _a256;P
650 _aPHARMACY
_xD.PHARMA
942 _cBK
999 _c8703
_d8701